[Event "DEM U10w 2025"]
[Site "Willingen GER"]
[Date "2025.06.08"]
[Round "2"]
[White "Bashirova, Sona"]
[Black "Artarov, Rina"]
[Result "1-0"]
[Termination "normal"]
[Board "1"]
[WhiteElo "1639"]
[BlackElo "1282"]
[WhiteClock "00:02:12"]
[BlackClock "00:44:28"]
[PlyCount "75"]
[WhiteFideId "34664033"]
[BlackFideId "34692541"]
[EventCountry "GER"]
[EventRounds "9"]
[EventType "swiss"]
[EventDate "2025.06.07"]

1. d4 {[%clk 01:30:59]} {[%emt 00:00:02]} Nf6 {[%clk 01:30:55]} {[%emt
00:00:05]} 2. Nf3 {[%clk 01:31:24]} {[%emt 00:00:05]} d5 {[%clk 01:31:18]}
{[%emt 00:00:07]} 3. e3 {[%clk 01:31:43]} {[%emt 00:00:11]} c5 {[%clk
01:31:42]} {[%emt 00:00:05]} 4. b3 {[%clk 01:31:56]} {[%emt 00:00:19]} Nc6
{[%clk 01:31:57]} {[%emt 00:00:14]} 5. Bb2 {[%clk 01:31:46]} {[%emt 00:00:40]}
Bf5 {[%clk 01:32:08]} {[%emt 00:00:18]} 6. a3 {[%clk 01:30:46]} {[%emt
00:01:31]} e6 {[%clk 01:32:16]} {[%emt 00:00:21]} 7. Be2 {[%clk 01:29:29]}
{[%emt 00:01:48]} Be7 {[%clk 01:32:40]} {[%emt 00:00:06]} 8. O-O {[%clk
01:29:47]} {[%emt 00:00:12]} O-O {[%clk 01:33:02]} {[%emt 00:00:07]} 9. Nbd2
{[%clk 01:27:33]} {[%emt 00:02:44]} Ne4 {[%clk 01:29:02]} {[%emt 00:04:30]} 10.
Bd3 {[%clk 01:24:32]} {[%emt 00:03:31]} cxd4 {[%clk 01:24:57]} {[%emt
00:04:36]} 11. exd4 {[%clk 01:18:17]} {[%emt 00:06:46]} Bf6 {[%clk 01:24:01]}
{[%emt 00:01:25]} 12. Re1 {[%clk 01:15:52]} {[%emt 00:02:55]} Nd6 {[%clk
01:24:00]} {[%emt 00:00:31]} 13. Bf1 {[%clk 01:12:12]} {[%emt 00:04:09]} Bg4
{[%clk 01:22:55]} {[%emt 00:01:35]} 14. Be2 {[%clk 01:10:19]} {[%emt 00:02:24]}
Ne4 {[%clk 01:20:54]} {[%emt 00:02:31]} 15. Ne5 {[%clk 01:08:14]} {[%emt
00:02:35]} Bf5 {[%clk 01:18:07]} {[%emt 00:03:16]} 16. Bf3 {[%clk 01:01:07]}
{[%emt 00:07:37]} Nd6 {[%clk 01:16:41]} {[%emt 00:01:56]} 17. b4 {[%clk
00:59:28]} {[%emt 00:02:10]} Nb5 {[%clk 01:15:05]} {[%emt 00:02:06]} 18. Nb3
{[%clk 00:49:22]} {[%emt 00:10:37]} Qc7 {[%clk 01:12:40]} {[%emt 00:02:54]} 19.
Nc5 {[%clk 00:40:09]} {[%emt 00:09:43]} Rfd8 {[%clk 01:11:36]} {[%emt
00:01:32]} 20. Bg4 {[%clk 00:17:39]} {[%emt 00:23:02]} Bxg4 {[%clk 01:08:00]}
{[%emt 00:04:06]} 21. Qxg4 {[%clk 00:17:54]} {[%emt 00:00:14]} Nd6 {[%clk
01:06:31]} {[%emt 00:02:00]} 22. Re3 {[%clk 00:10:15]} {[%emt 00:08:08]} Nf5
{[%clk 01:06:15]} {[%emt 00:00:46]} 23. Ree1 {[%clk 00:09:36]} {[%emt
00:01:09]} b6 {[%clk 01:04:16]} {[%emt 00:02:29]} 24. Ncd3 {[%clk 00:08:38]}
{[%emt 00:01:30]} Rac8 {[%clk 01:02:13]} {[%emt 00:02:32]} 25. c3 {[%clk
00:08:05]} {[%emt 00:01:04]} Qe7 {[%clk 00:59:13]} {[%emt 00:03:28]} 26. Nxc6
{[%clk 00:04:24]} {[%emt 00:04:13]} Rxc6 {[%clk 00:59:31]} {[%emt 00:00:12]}
27. Ne5 {[%clk 00:04:39]} {[%emt 00:00:14]} Rc7 {[%clk 00:57:54]} {[%emt
00:02:07]} 28. b5 {[%clk 00:04:28]} {[%emt 00:00:41]} Nd6 {[%clk 00:56:53]}
{[%emt 00:01:30]} 29. Nc6 {[%clk 00:04:21]} {[%emt 00:00:38]} Rxc6 {[%clk
00:52:22]} {[%emt 00:05:01]} 30. bxc6 {[%clk 00:04:41]} {[%emt 00:00:10]} Qc7
{[%clk 00:52:16]} {[%emt 00:00:35]} 31. Re3 {[%clk 00:02:53]} {[%emt 00:02:14]}
Nc4 {[%clk 00:51:43]} {[%emt 00:01:07]} 32. Rf3 {[%clk 00:02:06]} {[%emt
00:01:14]} Kf8 {[%clk 00:50:33]} {[%emt 00:01:43]} 33. Bc1 {[%clk 00:02:02]}
{[%emt 00:00:35]} e5 {[%clk 00:49:49]} {[%emt 00:01:13]} 34. Bg5 {[%clk
00:01:31]} {[%emt 00:01:02]} Qxc6 {[%clk 00:46:22]} {[%emt 00:03:57]} 35. Bxf6
{[%clk 00:01:44]} {[%emt 00:00:17]} gxf6 {[%clk 00:46:09]} {[%emt 00:00:42]}
36. Qh4 {[%clk 00:01:38]} {[%emt 00:00:37]} Nd2 {[%clk 00:44:12]} {[%emt
00:02:27]} 37. Qh6+ {[%clk 00:01:47]} {[%emt 00:00:21]} Ke7 {[%clk 00:44:28]}
{[%emt 00:00:13]} 38. Qxd2 {[%clk 00:02:12]} {[%emt 00:00:07]} 1-0

[Event "DEM U10w 2025"]
[Site "Willingen GER"]
[Date "2025.06.08"]
[Round "2"]
[White "Schaper, Alicia"]
[Black "Elsayed Esam, Sally"]
[Result "1/2-1/2"]
[Termination "normal"]
[Board "2"]
[WhiteElo "1473"]
[BlackElo "1623"]
[WhiteClock "00:19:34"]
[BlackClock "00:24:06"]
[PlyCount "98"]
[WhiteFideId "533012091"]
[BlackFideId "34662170"]
[EventCountry "GER"]
[EventRounds "9"]
[EventType "swiss"]
[EventDate "2025.06.07"]

1. e4 {[%clk 01:30:58]} {[%emt 00:00:01]} c6 {[%clk 01:30:47]} {[%emt
00:00:14]} 2. Nc3 {[%clk 01:31:16]} {[%emt 00:00:12]} d5 {[%clk 01:31:07]}
{[%emt 00:00:10]} 3. d4 {[%clk 01:31:37]} {[%emt 00:00:09]} dxe4 {[%clk
01:31:14]} {[%emt 00:00:23]} 4. Nxe4 {[%clk 01:31:57]} {[%emt 00:00:10]} Nf6
{[%clk 01:31:26]} {[%emt 00:00:18]} 5. Nxf6+ {[%clk 01:32:05]} {[%emt
00:00:21]} exf6 {[%clk 01:31:48]} {[%emt 00:00:08]} 6. Bc4 {[%clk 01:31:24]}
{[%emt 00:01:12]} Bd6 {[%clk 01:29:51]} {[%emt 00:02:26]} 7. c3 {[%clk
01:29:30]} {[%emt 00:02:25]} O-O {[%clk 01:29:49]} {[%emt 00:00:32]} 8. Ne2
{[%clk 01:29:07]} {[%emt 00:00:53]} Bg4 {[%clk 01:26:46]} {[%emt 00:03:32]} 9.
O-O {[%clk 01:27:11]} {[%emt 00:02:26]} Re8 {[%clk 01:25:15]} {[%emt 00:02:02]}
10. Be3 {[%clk 01:26:08]} {[%emt 00:01:33]} f5 {[%clk 01:22:55]} {[%emt
00:02:50]} 11. Qd2 {[%clk 01:23:56]} {[%emt 00:02:41]} Bxe2 {[%clk 01:22:09]}
{[%emt 00:01:16]} 12. Bxe2 {[%clk 01:23:00]} {[%emt 00:01:27]} f4 {[%clk
01:22:20]} {[%emt 00:00:18]} 13. Bc4 {[%clk 01:20:06]} {[%emt 00:03:24]} fxe3
{[%clk 01:19:13]} {[%emt 00:03:37]} 14. fxe3 {[%clk 01:20:13]} {[%emt
00:00:23]} Rf8 {[%clk 01:19:35]} {[%emt 00:00:09]} 15. Rae1 {[%clk 01:18:24]}
{[%emt 00:02:18]} a5 {[%clk 01:15:03]} {[%emt 00:05:02]} 16. e4 {[%clk
01:15:47]} {[%emt 00:03:07]} b5 {[%clk 01:15:21]} {[%emt 00:00:13]} 17. Bb3
{[%clk 01:14:50]} {[%emt 00:01:27]} a4 {[%clk 01:15:42]} {[%emt 00:00:09]} 18.
Bc2 {[%clk 01:14:28]} {[%emt 00:00:52]} Re8 {[%clk 01:15:20]} {[%emt 00:00:52]}
19. Qd3 {[%clk 01:12:22]} {[%emt 00:02:36]} g6 {[%clk 01:11:15]} {[%emt
00:04:35]} 20. e5 {[%clk 01:10:49]} {[%emt 00:02:03]} Bf8 {[%clk 01:09:46]}
{[%emt 00:01:57]} 21. Qf3 {[%clk 01:08:34]} {[%emt 00:02:47]} Ra7 {[%clk
01:08:23]} {[%emt 00:01:53]} 22. Be4 {[%clk 01:05:16]} {[%emt 00:03:47]} c5
{[%clk 01:06:13]} {[%emt 00:02:40]} 23. Bd5 {[%clk 01:02:04]} {[%emt 00:03:42]}
Ree7 {[%clk 01:04:43]} {[%emt 00:02:00]} 24. e6 {[%clk 01:00:12]} {[%emt
00:02:21]} f5 {[%clk 01:02:02]} {[%emt 00:03:12]} 25. dxc5 {[%clk 00:57:40]}
{[%emt 00:03:21]} Rac7 {[%clk 00:59:33]} {[%emt 00:02:59]} 26. c4 {[%clk
00:53:49]} {[%emt 00:04:21]} Rxc5 {[%clk 00:57:53]} {[%emt 00:02:09]} 27. b3
{[%clk 00:52:44]} {[%emt 00:01:35]} Qb6 {[%clk 00:57:07]} {[%emt 00:01:15]} 28.
Kh1 {[%clk 00:51:10]} {[%emt 00:02:05]} Nc6 {[%clk 00:55:50]} {[%emt 00:01:46]}
29. Qe3 {[%clk 00:44:50]} {[%emt 00:06:50]} Nb4 {[%clk 00:54:32]} {[%emt
00:01:50]} 30. Rb1 {[%clk 00:40:29]} {[%emt 00:04:50]} Nxd5 {[%clk 00:50:22]}
{[%emt 00:04:39]} 31. cxd5 {[%clk 00:40:35]} {[%emt 00:00:25]} Qd6 {[%clk
00:50:42]} {[%emt 00:00:09]} 32. bxa4 {[%clk 00:37:57]} {[%emt 00:03:10]} Rxd5
{[%clk 00:50:26]} {[%emt 00:00:46]} 33. axb5 {[%clk 00:37:31]} {[%emt
00:00:55]} Rxe6 {[%clk 00:49:50]} {[%emt 00:01:06]} 34. Qb3 {[%clk 00:36:29]}
{[%emt 00:01:31]} Rd3 {[%clk 00:47:31]} {[%emt 00:02:50]} 35. Qc4 {[%clk
00:35:32]} {[%emt 00:01:27]} Rd4 {[%clk 00:44:42]} {[%emt 00:03:18]} 36. Qb3
{[%clk 00:35:13]} {[%emt 00:00:49]} Rh4 {[%clk 00:43:46]} {[%emt 00:01:26]} 37.
h3 {[%clk 00:34:10]} {[%emt 00:01:33]} Rb4 {[%clk 00:42:33]} {[%emt 00:01:44]}
38. Qc3 {[%clk 00:31:39]} {[%emt 00:03:01]} Qd4 {[%clk 00:31:32]} {[%emt
00:11:31]} 39. Qxd4 {[%clk 00:29:43]} {[%emt 00:02:25]} Rxd4 {[%clk 00:31:32]}
{[%emt 00:00:30]} 40. b6 {[%clk 00:29:20]} {[%emt 00:00:55]} Rdd6 {[%clk
00:31:18]} {[%emt 00:00:43]} 41. b7 {[%clk 00:27:49]} {[%emt 00:02:01]} Rb6
{[%clk 00:29:26]} {[%emt 00:02:22]} 42. b8=Q {[%clk 00:27:31]} {[%emt
00:00:48]} Rxb8 {[%clk 00:27:27]} {[%emt 00:02:29]} 43. Rxb8 {[%clk 00:27:21]}
{[%emt 00:00:40]} Ra6 {[%clk 00:27:37]} {[%emt 00:00:20]} 44. Rc1 {[%clk
00:25:13]} {[%emt 00:02:37]} Kf7 {[%clk 00:25:00]} {[%emt 00:03:07]} 45. Rc7+
{[%clk 00:23:59]} {[%emt 00:01:45]} Be7 {[%clk 00:25:14]} {[%emt 00:00:16]} 46.
Rbb7 {[%clk 00:23:38]} {[%emt 00:00:51]} Re6 {[%clk 00:25:36]} {[%emt
00:00:08]} 47. a4 {[%clk 00:22:14]} {[%emt 00:01:54]} Kf6 {[%clk 00:25:34]}
{[%emt 00:00:31]} 48. Rc1 {[%clk 00:19:50]} {[%emt 00:02:55]} Ra6 {[%clk
00:25:13]} {[%emt 00:00:50]} 49. Ra1 {[%clk 00:19:34]} {[%emt 00:00:47]} h5
{[%clk 00:24:06]} {[%emt 00:01:37]} 1/2-1/2

[Event "DEM U10w 2025"]
[Site "Willingen GER"]
[Date "2025.06.08"]
[Round "2"]
[White "Bräutigam, Viktoria"]
[Black "Sigacheva, Varvara"]
[Result "0-1"]
[Termination "normal"]
[Board "3"]
[WhiteElo "1569"]
[BlackElo "1453"]
[WhiteClock "00:47:55"]
[BlackClock "00:02:29"]
[PlyCount "162"]
[WhiteFideId "34638652"]
[BlackFideId "522079416"]
[EventCountry "GER"]
[EventRounds "9"]
[EventType "swiss"]
[EventDate "2025.06.07"]

1. e4 {[%clk 01:30:56]} {[%emt 00:00:02]} c6 {[%clk 01:30:56]} {[%emt
00:00:05]} 2. d4 {[%clk 01:31:17]} {[%emt 00:00:08]} d5 {[%clk 01:31:17]}
{[%emt 00:00:10]} 3. exd5 {[%clk 01:31:38]} {[%emt 00:00:08]} cxd5 {[%clk
01:31:35]} {[%emt 00:00:12]} 4. c4 {[%clk 01:31:50]} {[%emt 00:00:18]} dxc4
{[%clk 01:27:41]} {[%emt 00:04:25]} 5. Bxc4 {[%clk 01:31:54]} {[%emt 00:00:24]}
Nf6 {[%clk 01:25:41]} {[%emt 00:02:31]} 6. Nc3 {[%clk 01:31:45]} {[%emt
00:00:39]} e6 {[%clk 01:22:34]} {[%emt 00:03:37]} 7. Nf3 {[%clk 01:32:05]}
{[%emt 00:00:10]} Be7 {[%clk 01:19:07]} {[%emt 00:03:58]} 8. O-O {[%clk
01:31:39]} {[%emt 00:00:56]} O-O {[%clk 01:17:56]} {[%emt 00:01:40]} 9. Bf4
{[%clk 01:28:22]} {[%emt 00:03:47]} a6 {[%clk 01:09:29]} {[%emt 00:08:58]} 10.
Qd3 {[%clk 01:27:58]} {[%emt 00:00:53]} b5 {[%clk 01:04:47]} {[%emt 00:05:13]}
11. Bb3 {[%clk 01:28:09]} {[%emt 00:00:17]} Bb7 {[%clk 00:59:59]} {[%emt
00:05:16]} 12. Bc2 {[%clk 01:28:13]} {[%emt 00:00:30]} Nc6 {[%clk 00:49:58]}
{[%emt 00:10:31]} 13. Bg5 {[%clk 01:28:13]} {[%emt 00:00:29]} Nb4 {[%clk
00:49:23]} {[%emt 00:01:05]} 14. Qd2 {[%clk 01:27:54]} {[%emt 00:00:47]} Nxc2
{[%clk 00:49:07]} {[%emt 00:00:48]} 15. Qxc2 {[%clk 01:28:09]} {[%emt
00:00:14]} Bxf3 {[%clk 00:49:15]} {[%emt 00:00:23]} 16. gxf3 {[%clk 01:28:08]}
{[%emt 00:00:30]} Qxd4 {[%clk 00:43:00]} {[%emt 00:06:47]} 17. Kh1 {[%clk
01:27:25]} {[%emt 00:01:10]} Kh8 {[%clk 00:38:22]} {[%emt 00:05:10]} 18. Ne4
{[%clk 01:26:40]} {[%emt 00:01:15]} Rac8 {[%clk 00:36:53]} {[%emt 00:01:59]}
19. Qe2 {[%clk 01:26:50]} {[%emt 00:00:18]} Qc4 {[%clk 00:35:47]} {[%emt
00:01:39]} 20. Qe3 {[%clk 01:26:28]} {[%emt 00:00:51]} Qc6 {[%clk 00:32:49]}
{[%emt 00:03:24]} 21. Qf4 {[%clk 01:26:24]} {[%emt 00:00:38]} Qc7 {[%clk
00:29:00]} {[%emt 00:04:16]} 22. Qh4 {[%clk 01:25:58]} {[%emt 00:00:59]} Nxe4
{[%clk 00:24:36]} {[%emt 00:04:54]} 23. Bxe7 {[%clk 01:26:07]} {[%emt
00:00:21]} Rfe8 {[%clk 00:24:13]} {[%emt 00:00:54]} 24. Rac1 {[%clk 01:24:03]}
{[%emt 00:02:34]} Qxc1 {[%clk 00:12:19]} {[%emt 00:12:24]} 25. Rxc1 {[%clk
01:23:06]} {[%emt 00:01:26]} Rxc1+ {[%clk 00:12:42]} {[%emt 00:00:08]} 26. Kg2
{[%clk 01:23:25]} {[%emt 00:00:09]} Nd2 {[%clk 00:10:34]} {[%emt 00:02:33]} 27.
Bg5 {[%clk 01:22:34]} {[%emt 00:01:28]} Rc2 {[%clk 00:08:07]} {[%emt 00:02:43]}
28. Qb4 {[%clk 01:22:44]} {[%emt 00:00:32]} Nc4 {[%clk 00:07:30]} {[%emt
00:01:08]} 29. b3 {[%clk 01:21:56]} {[%emt 00:01:19]} Ne5 {[%clk 00:06:10]}
{[%emt 00:01:44]} 30. Qe4 {[%clk 01:21:32]} {[%emt 00:00:58]} Rc5 {[%clk
00:06:13]} {[%emt 00:00:28]} 31. Be3 {[%clk 01:21:12]} {[%emt 00:00:49]} Rd5
{[%clk 00:06:23]} {[%emt 00:00:21]} 32. Qc2 {[%clk 01:19:45]} {[%emt 00:01:58]}
Rdd8 {[%clk 00:05:06]} {[%emt 00:01:41]} 33. Qc7 {[%clk 01:19:29]} {[%emt
00:00:49]} f6 {[%clk 00:04:30]} {[%emt 00:01:08]} 34. Kg3 {[%clk 01:15:31]}
{[%emt 00:04:26]} Rc8 {[%clk 00:04:21]} {[%emt 00:00:42]} 35. Qa5 {[%clk
01:14:59]} {[%emt 00:01:01]} Ra8 {[%clk 00:04:02]} {[%emt 00:00:49]} 36. a4
{[%clk 01:14:26]} {[%emt 00:01:03]} bxa4 {[%clk 00:04:04]} {[%emt 00:00:29]}
37. Qxa4 {[%clk 01:14:23]} {[%emt 00:00:33]} Red8 {[%clk 00:03:01]} {[%emt
00:01:33]} 38. f4 {[%clk 01:13:18]} {[%emt 00:01:34]} Ng6 {[%clk 00:03:11]}
{[%emt 00:00:20]} 39. Qc6 {[%clk 01:12:16]} {[%emt 00:01:32]} Re8 {[%clk
00:02:56]} {[%emt 00:00:46]} 40. Ba7 {[%clk 01:11:42]} {[%emt 00:01:04]} Nf8
{[%clk 00:01:51]} {[%emt 00:01:35]} 41. Bc5 {[%clk 01:08:02]} {[%emt 00:04:09]}
Ng6 {[%clk 00:01:48]} {[%emt 00:00:33]} 42. h4 {[%clk 01:06:11]} {[%emt
00:02:21]} Kg8 {[%clk 00:00:40]} {[%emt 00:01:39]} 43. b4 {[%clk 01:05:31]}
{[%emt 00:01:10]} Nh8 {[%clk 00:01:07]} {[%emt 00:00:03]} 44. b5 {[%clk
01:03:06]} {[%emt 00:02:54]} axb5 {[%clk 00:01:31]} {[%emt 00:00:07]} 45. Qxb5
{[%clk 01:03:18]} {[%emt 00:00:17]} Nf7 {[%clk 00:01:23]} {[%emt 00:00:39]} 46.
Qb7 {[%clk 01:01:03]} {[%emt 00:02:44]} Rab8 {[%clk 00:01:23]} {[%emt
00:00:31]} 47. Qd7 {[%clk 01:00:37]} {[%emt 00:00:56]} Rbd8 {[%clk 00:01:30]}
{[%emt 00:00:24]} 48. Qb7 {[%clk 00:59:50]} {[%emt 00:01:16]} Rb8 {[%clk
00:01:08]} {[%emt 00:00:49]} 49. Qa6 {[%clk 00:59:31]} {[%emt 00:00:52]} Rb3+
{[%clk 00:01:15]} {[%emt 00:00:22]} 50. Kg2 {[%clk 00:59:05]} {[%emt 00:00:56]}
Rbb8 {[%clk 00:01:03]} {[%emt 00:00:43]} 51. Qe2 {[%clk 00:58:54]} {[%emt
00:00:40]} Kh8 {[%clk 00:01:02]} {[%emt 00:00:32]} 52. h5 {[%clk 00:58:35]}
{[%emt 00:00:48]} h6 {[%clk 00:00:54]} {[%emt 00:00:38]} 53. Ba7 {[%clk
00:58:25]} {[%emt 00:00:41]} Ra8 {[%clk 00:01:12]} {[%emt 00:00:12]} 54. Qe3
{[%clk 00:58:26]} {[%emt 00:00:29]} e5 {[%clk 00:01:07]} {[%emt 00:00:34]} 55.
Bc5 {[%clk 00:57:52]} {[%emt 00:01:04]} exf4 {[%clk 00:01:11]} {[%emt
00:00:27]} 56. Qxf4 {[%clk 00:58:04]} {[%emt 00:00:16]} Ng5 {[%clk 00:01:07]}
{[%emt 00:00:34]} 57. Qc4 {[%clk 00:54:55]} {[%emt 00:03:40]} Rac8 {[%clk
00:01:10]} {[%emt 00:00:28]} 58. Qb5 {[%clk 00:54:38]} {[%emt 00:00:46]} Re5
{[%clk 00:01:09]} {[%emt 00:00:31]} 59. Qb6 {[%clk 00:53:30]} {[%emt 00:01:39]}
Rexc5 {[%clk 00:01:10]} {[%emt 00:00:28]} 60. Qb3 {[%clk 00:53:00]} {[%emt
00:00:58]} Rc4 {[%clk 00:00:50]} {[%emt 00:00:52]} 61. Qe3 {[%clk 00:53:10]}
{[%emt 00:00:20]} Rg4+ {[%clk 00:00:57]} {[%emt 00:00:22]} 62. Kh2 {[%clk
00:52:02]} {[%emt 00:01:39]} Rh4+ {[%clk 00:01:08]} {[%emt 00:00:12]} 63. Kg2
{[%clk 00:52:12]} {[%emt 00:00:26]} Rhc4 {[%clk 00:00:50]} {[%emt 00:00:49]}
64. Qe2 {[%clk 00:51:32]} {[%emt 00:01:11]} Kh7 {[%clk 00:00:40]} {[%emt
00:00:40]} 65. Qd3+ {[%clk 00:50:22]} {[%emt 00:01:40]} Kh8 {[%clk 00:01:00]}
{[%emt 00:00:09]} 66. Qg6 {[%clk 00:49:00]} {[%emt 00:01:52]} Rg4+ {[%clk
00:01:00]} {[%emt 00:00:28]} 67. Kh2 {[%clk 00:49:09]} {[%emt 00:00:23]} Nf3+
{[%clk 00:01:16]} {[%emt 00:00:14]} 68. Kh3 {[%clk 00:48:14]} {[%emt 00:01:25]}
Rxg6 {[%clk 00:01:10]} {[%emt 00:00:37]} 69. hxg6 {[%clk 00:48:00]} {[%emt
00:00:44]} Ng5+ {[%clk 00:01:37]} {[%emt 00:00:03]} 70. Kh2 {[%clk 00:47:34]}
{[%emt 00:00:55]} Rc3 {[%clk 00:01:54]} {[%emt 00:00:12]} 71. Kg2 {[%clk
00:47:21]} {[%emt 00:00:44]} h5 {[%clk 00:02:09]} {[%emt 00:00:15]} 72. Kh2
{[%clk 00:47:42]} {[%emt 00:00:09]} h4 {[%clk 00:02:15]} {[%emt 00:00:23]} 73.
Kg2 {[%clk 00:47:14]} {[%emt 00:01:00]} h3+ {[%clk 00:02:28]} {[%emt 00:00:16]}
74. Kh1 {[%clk 00:46:37]} {[%emt 00:01:07]} Rc1+ {[%clk 00:01:43]} {[%emt
00:01:15]} 75. Kh2 {[%clk 00:46:52]} {[%emt 00:00:14]} Rf1 {[%clk 00:01:39]}
{[%emt 00:00:31]} 76. Kg3 {[%clk 00:46:45]} {[%emt 00:00:40]} Kg8 {[%clk
00:01:41]} {[%emt 00:00:29]} 77. Kh2 {[%clk 00:47:04]} {[%emt 00:00:11]} Rxf2+
{[%clk 00:02:05]} {[%emt 00:00:07]} 78. Kg1 {[%clk 00:47:26]} {[%emt 00:00:06]}
Rc2 {[%clk 00:01:31]} {[%emt 00:01:03]} 79. Kh1 {[%clk 00:47:40]} {[%emt
00:00:18]} Ne4 {[%clk 00:01:43]} {[%emt 00:00:19]} 80. Kg1 {[%clk 00:47:50]}
{[%emt 00:00:19]} h2+ {[%clk 00:02:04]} {[%emt 00:00:10]} 81. Kh1 {[%clk
00:47:55]} {[%emt 00:00:24]} Ng3# {[%clk 00:02:29]} {[%emt 00:00:05]} 0-1